000 00649nam a2200253Ia 4500
005 20260121114130.0
008 008 260114s9999 xx 000 0 eng d
020 _a9781118921487
037 _aEBOOK
040 _aCRL
040 _beng
040 _cCRL
041 _2eng
041 _aeng
084 _qCRL
100 _aErik Meers
_9971236
245 0 _aBiorefinery of Inorganics - Recovering Mineral Nutrients from Biomass and Organic Waste
260 _bWiley
260 _c2020
856 _uhttps://onlinelibrary.wiley.com/doi/book/10.1002/9781118921487
942 _cEBOOK
999 _c1550491
_d1550491